| 000 | 00000nam##2200000za#4500 |
| 001 | 9.606272 |
| 003 | CaOODSP |
| 005 | 20210624212538 |
| 007 | cr ||||||||||| |
| 008 | 150406|1985||||xxc|||||o f|0| 0 fre|d |
| 022 | |a1488-5468 |
| 040 | |aCaOODSP|bfre |
| 043 | |an-cn--- |
| 086 | 1 |aFs97-4/1792F-PDF |
| 110 | 1 |aCanada. |bMinistère des pêches et des océans. |
| 245 | 10|aQualité physico-chimique de 251 lacs du bouclier canadien (Québec) / |h[ressource électronique]|c[par] C. Langlois, A. Lemay, J. Ouzilleau et Y. Vigneault. |
| 260 | |aQuébec - Québec : |bPêches et Océans Canada |cJanvier 1985. |
| 300 | |a71p.|bgraphiques, carte, tableaux |
| 490 | 1 |aRapport manuscrit canadien des sciences halieutiques et aquatiques|x1488-5468|vN° 1792 |
| 500 | |aLe n° de catalogue (Fs97-4/1792F) et l'ISSN (0706-6589) de l'édition imprimée ont été incorrectement copiés dans l'édition électronique. |
| 590 | |a13-27-Supp|b2013-11-15 |
| 691 | 07|aHydrologie|2gcpds |
| 691 | 07|aLac|2gcpds |
| 720 | 1 |aLanglois, C. |
| 830 | #0|aRapport manuscrit canadien des sciences halieutiques et aquatiques,|x1488-5468|vN° 1792|w(CaOODSP)9.501611 |
| 856 | 40|ahttp://publications.gc.ca|qPDF|s6.08 Mo|uhttps://publications.gc.ca/collections/collection_2013/mpo-dfo/Fs97-4-1792-fra.pdf|yN° 1792 |